• 首页
  • 本馆介绍
  • 公告通知
  • 最新文献
  • 馆藏检索
  • 电子资源
  • 读者导购
  • 参考咨询
  • 我的图书馆
  • 登录
  • 详细信息显示
  • 放入我的书架
  • 预约/预借图书
  • 作者相关作品
  • 分类相关作品
  • 丛书相关作品
  • 出版社相关作品

书目信息

  • 表格格式
  • 工作单格式
  • 卡片格式
题名:
法治文学与法治中国
    
 
作者: ;中国法学会 编
分册:  
出版信息: 北京   群众出版社  2014
页数: 284页
开本: 21cm
丛书名:
单 册:
中图分类: D920.0
科图分类:
主题词: 法制文学--Fa Zhi Wen Xue--文学研究--中国--现代 , 社会主义法制--She Hui Zhu Yi Fa Zhi--研究--中国
电子资源:
ISBN: 978-7-5014-5243-9
000 00978nam0 22002531 450
001 350318
005 20161008165238.28
010    @a978-7-5014-5243-9@dCNY48.00
100    @a20141213d2014 em y0chiy50 ea
101 0  @achi
102    @aCN@b110000
105    @ay z 000yy
106    @ar
200 1  @a法治文学与法治中国@AFa Zhi Wen Xue Yu Fa Zhi Zhong Guo@f中国法学会法制文学研究会编
210    @a北京@c群众出版社@d2014
215    @a284页@d21cm
300    @a中国法治文化读本系列/冯乃华主编
330    @a本书收录《浅谈法制文学与美学的实践性》、《法治文学面面观》、《法治文学传播正能量几个问题的探讨》、《法治中国建设新起点上的法治文学》、《法治文学在依法治国进程中的作用》等文章。
606 0  @a法制文学@AFa Zhi Wen Xue@x文学研究@y中国@z现代
606 0  @a社会主义法制@AShe Hui Zhu Yi Fa Zhi@x研究@y中国
690    @aD920.0@v5
711 02 @a中国法学会@AZhong Guo Fa Xue Hui@b法制文学研究会@4编
801  0 @aCN@bTANGWEI@c20160803
905    @b0889425-9@dD920.0@e1281@f5
    
    法治文学与法治中国/中国法学会法制文学研究会编 .-北京:群众出版社,2014
    284页;21cm
    中国法治文化读本系列/冯乃华主编
    
    ISBN 978-7-5014-5243-9:CNY48.00
    本书收录《浅谈法制文学与美学的实践性》、《法治文学面面观》、《法治文学传播正能量几个问题的探讨》、《法治中国建设新起点上的法治文学》、《法治文学在依法治国进程中的作用》等文章。
●
相关链接 在E读中查询图书 在五车中查询图书 在当当中查询图书 在豆瓣中查询图书


正题名:法治文学与法治中国     索取号:D920.0/1281         预约/预借

序号 登录号 条形码 馆藏地/架位号 状态 备注
1 0889425   208894259   第一样本阅览室/ [索取号:D920.0/1281] 在馆    
2 0889426   208894268   密集书库-史法系/ [索取号:D920.0/1281] 在馆    
3 0889427   208894277   第一借阅区/ [索取号:D920.0/1281] 在馆    
4 0889428   208894286   第一借阅区/ [索取号:D920.0/1281] 在馆    
5 0889429   208894295   第一借阅区/ [索取号:D920.0/1281] 在馆    
唐山师范学院图书馆 欢迎您!
大连网信软件有限公司© 版权所有